[Event "Abu Dhabi op 10th"]
[Site "Abu Dhabi"]
[Date "2000.08.29"]
[Round "4"]
[White "Taleb, Moussa"]
[Black "Adnan, Alrais"]
[Result "1-0"]
[WhiteElo "2389"]
[BlackElo "2142"]
[PlyCount "65"]
[EventDate "2000.08.26"]
[EventType "swiss"]
[EventRounds "9"]
[EventCountry "UAE"]
[SourceTitle "CBM 077 Extra"]
[Source "ChessBase"]
[SourceDate "2000.09.14"]
[SourceVersion "1"]
[SourceVersionDate "2000.09.14"]
[SourceQuality "1"]

1. c4 e6 2. Nf3 Nf6 3. b3 d5 4. e3 c6 5. Bb2 Nbd7 6. d4 Bd6 7. Nbd2 0-0 8. Bd3 a5 9. 0-0 a4 10. e4 dxe4 11. Nxe4 Nxe4 12. Bxe4 Qe7 13. Bc2 Ba3 14. Bc3 Bb4 15. Qd3 g6 16. Bxb4 Qxb4 17. a3 Qe7 18. b4 b6 19. Rfe1 Rd8 20. Qe4 Nf6 21. Qe5 Bb7 22. c5 Nd5 23. Be4 Nc3 24. cxb6 Nd5 25. Rac1 Ra6 26. Rc5 Rxb6 27. Bc2 Nc7 28. h4 Qd6 29. Qg5 Nb5 30. h5 Qf8 31. hxg6 hxg6 32. Bxg6 fxg6 33. Qxg6+ 1-0

[Event "Abu Dhabi op 09th"]
[Site "Abu Dhabi"]
[Date "1999.08.30"]
[Round "9"]
[White "Adnan, Alrais"]
[Black "Saud, Mohamed"]
[Result "1/2-1/2"]
[WhiteElo "2124"]
[BlackElo "2185"]
[PlyCount "39"]
[EventDate "1999.08.21"]
[EventType "swiss"]
[EventRounds "9"]
[EventCountry "UAE"]
[SourceTitle "EXT 2000"]
[Source "ChessBase"]
[SourceDate "1999.11.16"]
[SourceVersion "1"]
[SourceVersionDate "1999.11.16"]
[SourceQuality "1"]

1. d4 Nf6 2. c4 c5 3. d5 d6 4. Nc3 g6 5. Nf3 Bg7 6. Bf4 0-0 7. e4 Qa5 8. Qd2 a6 9. Bd3 Bg4 10. 0-0 Bxf3 11. gxf3 Nbd7 12. Bh6 Ne5 13. Be2 b5 14. Bxg7 Kxg7 15. b3 bxc4 16. f4 Nd3 17. Bxd3 cxd3 18. Qxd3 Nh5 19. Ne2 f5 20. exf5 1/2-1/2

[Event "Abu Dhabi op 09th"]
[Site "Abu Dhabi"]
[Date "1999.08.28"]
[Round "7"]
[White "Asylguzhin, Radik"]
[Black "Adnan, Alrais"]
[Result "1-0"]
[WhiteElo "2294"]
[BlackElo "2124"]
[PlyCount "65"]
[EventDate "1999.08.21"]
[EventType "swiss"]
[EventRounds "9"]
[EventCountry "UAE"]
[SourceTitle "EXT 2000"]
[Source "ChessBase"]
[SourceDate "1999.11.16"]
[SourceVersion "1"]
[SourceVersionDate "1999.11.16"]
[SourceQuality "1"]

1. e4 d5 2. exd5 Qxd5 3. Nc3 Qd6 4. d4 Nf6 5. Be2 a6 6. Nf3 Nc6 7. 0-0 Bf5 8. Nb1 0-0-0 9. c3 h6 10. Nbd2 Ne4 11. Nc4 Qf6 12. Be3 g5 13. Qc1 e6 14. b4 g4 15. Nfe5 Nxe5 16. dxe5 Qg6 17. a4 Ng5 18. Kh1 Qh5 19. b5 Nf3 20. Bf4 Rg8 21. Bg3 Be4 22. bxa6 Nxh2 23. axb7+ Kb8 24. Bxh2 Qh3 25. Rg1 g3 26. fxg3 Rxg3 27. Bf1 Bc5 28. Qe1 Rg4 29. Qxe4 Qxh2+ 30. Kxh2 Rxe4 31. g3 Bxg1+ 32. Kxg1 Rg8 33. Kf2 1-0

[Event "Abu Dhabi op 09th"]
[Site "Abu Dhabi"]
[Date "1999.08.27"]
[Round "6"]
[White "Adnan, Alrais"]
[Black "Kaabi, Mejdi"]
[Result "1/2-1/2"]
[WhiteElo "2124"]
[BlackElo "2362"]
[PlyCount "59"]
[EventDate "1999.08.21"]
[EventType "swiss"]
[EventRounds "9"]
[EventCountry "UAE"]
[SourceTitle "EXT 2000"]
[Source "ChessBase"]
[SourceDate "1999.11.16"]
[SourceVersion "1"]
[SourceVersionDate "1999.11.16"]
[SourceQuality "1"]

1. d4 Nf6 2. c4 g6 3. Nc3 Bg7 4. e4 d6 5. f3 0-0 6. Be3 a6 7. Qd2 Nbd7 8. Nge2 c5 9. 0-0-0 Qa5 10. Kb1 b5 11. Nc1 bxc4 12. Bxc4 cxd4 13. Bxd4 Ne5 14. Bb3 Qc7 15. Nd3 a5 16. Nd5 Nxd5 17. Bxd5 Rb8 18. Rc1 Qd8 19. Nxe5 dxe5 20. Bc3 Rb5 21. Rhd1 Qb6 22. Bb3 Rxb3 23. axb3 Be6 24. Bxa5 Qxb3 25. Qc3 Qa2+ 26. Kc2 Qa4+ 27. Kd3 Bh6 28. Ke2 Bxc1 29. Rxc1 Rc8 30. Qb4 1/2-1/2

[Event "Abu Dhabi op 09th"]
[Site "Abu Dhabi"]
[Date "1999.08.25"]
[Round "5"]
[White "Ali, Abdulkhaleq"]
[Black "Adnan, Alrais"]
[Result "1/2-1/2"]
[WhiteElo "2092"]
[BlackElo "2124"]
[PlyCount "80"]
[EventDate "1999.08.21"]
[EventType "swiss"]
[EventRounds "9"]
[EventCountry "UAE"]
[SourceTitle "EXT 2000"]
[Source "ChessBase"]
[SourceDate "1999.11.16"]
[SourceVersion "1"]
[SourceVersionDate "1999.11.16"]
[SourceQuality "1"]

1. d4 d5 2. c4 e6 3. Nc3 Nf6 4. cxd5 exd5 5. Bg5 Nbd7 6. e3 Be7 7. Bd3 0-0 8. Nge2 Re8 9. Qc2 Nf8 10. 0-0 c6 11. f3 Be6 12. Kh1 Rc8 13. e4 dxe4 14. fxe4 Ng4 15. Bd2 Bg5 16. Rf3 Bxd2 17. Qxd2 c5 18. d5 Bd7 19. Bc2 Ng6 20. Raf1 Qh4 21. h3 N6e5 22. Rg3 Qh6 23. Nf4 b5 24. Kg1 Nf6 25. Qf2 b4 26. Nd1 Bb5 27. Re1 Nh5 28. Nxh5 Qxh5 29. Ne3 Bd7 30. Qf4 Ng6 31. Qf2 Ne5 32. Rf1 Kh8 33. Qf4 f6 34. Bd1 Qf7 35. Bc2 c4 36. Nf5 Bxf5 37. Qxf5 Qd7 38. Qf4 Ng6 39. Qf2 Re5 40. Qd4 Qd6 1/2-1/2